Bilancio sociale ed economico 2015

-д хадгалсан:
Номзүйн дэлгэрэнгүй
Байгууллагын зохиогч: Arcigay Genova
Формат: Ном
Хэл сонгох:англи
Хэвлэсэн: Genova : Arcigay Genova, 2016
Шошгууд: Шошго нэмэх
Шошго байхгүй, Энэхүү баримтыг шошголох эхний хүн болох!

MARC

LEADER 00000nam a2200000 4500
005 20260121122533.0
008 250530b |||||||| |||| 00| 0 eng d
040 |c Arcigay Genova 
110 |a Arcigay Genova 
245 |a Bilancio sociale ed economico 2015 
260 |a Genova :  |b Arcigay Genova,  |c 2016 
942 |2 ddc  |c BK  |n 0 
999 |c 3295  |d 3295